| 000 | 00638nam a22002297a 4500 | ||
|---|---|---|---|
| 001 | 00028931 | ||
| 005 | 20260428190817.0 | ||
| 008 | 260428b ag ||||| |||| 00| 0 spa d | ||
| 020 | _a8441308888 | ||
| 040 |
_aAR-CcCEOS _bspa _cAR-CcCEOS |
||
| 041 | _aspa | ||
| 080 | _a94:7(510) | ||
| 090 | _bHIB v.1 | ||
| 100 | 1 |
_aHibbert, Christopher, _d1924-2008 _91123 |
|
| 245 |
_aLos emperadores de China : _bVolumen I / _cChristopher Hibbert |
||
| 264 |
_aBarcelona : _bFolio, _c1998. |
||
| 300 |
_a82 p. ; _c24x18 cm. |
||
| 490 | _vAtlas culturales del mundo | ||
| 650 | 0 |
_ahistoria _990 |
|
| 655 | 0 |
_aarte _9138 |
|
| 942 |
_2udc _cBK _n0 |
||
| 999 |
_c28983 _d28983 |
||